Dictionary of saints / (Record no. 9495)

MARC details
000 -LEADER
fixed length control field 00775nac a22002051u 4500
010 ## - LIBRARY OF CONGRESS CONTROL NUMBER
LC control number 79007783
020 ## - INTERNATIONAL STANDARD BOOK NUMBER
International Standard Book Number 0385135947 :
082 00 - DEWEY DECIMAL CLASSIFICATION NUMBER
Classification number 282.0922
Item number DEL
090 ## - LOCALLY ASSIGNED LC-TYPE CALL NUMBER (OCLC); LOCAL CALL NUMBER (OCLC)
-- 9495
-- 9495
100 ## - MAIN ENTRY--PERSONAL NAME
Personal name Delaney, John J.
245 10 - TITLE STATEMENT
Title Dictionary of saints /
Statement of responsibility, etc by John J. Delaney.
260 ## - PUBLICATION, DISTRIBUTION, ETC. (IMPRINT)
Place of publication, distribution, etc Garden City, N.Y. :
Name of publisher, distributor, etc Doubleday,1980.
Date of publication, distribution, etc 1980.
300 ## - PHYSICAL DESCRIPTION
Extent 647 p. ;
Dimensions 24 cm.
500 ## - GENERAL NOTE
General note Distributer: Al-Ahram
511 ## - PARTICIPANT OR PERFORMER NOTE
Participant or performer note Catalogued by: Sara
650 #0 - SUBJECT ADDED ENTRY--TOPICAL TERM
Topical term or geographic name as entry element Christian saints
General subdivision Biography
-- Dictionaries.
856 42 - ELECTRONIC LOCATION AND ACCESS
Materials specified Contributor biographical information
Uniform Resource Identifier <a href="http://www.loc.gov/catdir/bios/random051/79007783.html">http://www.loc.gov/catdir/bios/random051/79007783.html</a>
856 42 - ELECTRONIC LOCATION AND ACCESS
Materials specified Publisher description
Uniform Resource Identifier <a href="http://www.loc.gov/catdir/description/random0415/79007783.html">http://www.loc.gov/catdir/description/random0415/79007783.html</a>
942 ## - ADDED ENTRY ELEMENTS (KOHA)
Item type NB - Book (Non borrowing)
Call number prefix 282.0922DEL
Holdings
Withdrawn status Item status Damaged status Not for loan Home library Current library Shelving location Date acquired Source of acquisition Total Checkouts Full call number Barcode Date last seen Koha item type
        Central Library Central Library Lower Floor 08/05/2015 Purchase   282.0922DEL 000011563 15/07/2025 NB - Book (Non borrowing)